000 00431nam a2200193Ia 4500
008 240510s9999 xx 000 0 und d
020 _a0000262632217
041 _aEng
082 _a006.32
082 _bP84
100 _aMAASS, W. & BISHOP ,C. M(ED.)
245 0 _aPULSED NEURAL NETWORKS
260 _bLONDON : MIT
260 _c2001
300 _a377 p.
650 _aNEURAL NETWORKS
942 _2ddc
942 _cLBK
999 _c25146
_d25146
945 _a1
_bMadushi Gamage
_c1
_dMadushi Gamage